000 00404nam a2200169Ia 4500
008 230524s9999 xx 000 0 und d
020 _a0021327554
082 _a5.133
_bSTR
100 _aBjarne Stroustrup
245 4 _aThe C++ Programming Language
250 _a3RD
260 _aNEW DELHI
_bPearson
_c2004
300 _aX;1019
500 _aQuantity Number: 5
650 _aComp-Sc
942 _cBK
999 _c25229
_d25229